000 00404 a2200109 4500
100 1 _aKlepikov, V.P..
_eAutor
700 1 _aMarcenicen, S.I..
_eAutor
700 1 _aZevljuk, K.S..
_eAutor
245 0 _aObrabotka soobscenij v centre kommutacii soobscenij /
_cKlepikov V.P., Marcenicen S.I., Zevljuk K.S..
710 2 _aRadio i Svjaz'.
_eWydawca
_4pbl
260 _aMoskva :
_bRadio i Svjaz',
_c1987.
300 _a128 s.:
_bil.;
_c22 cm.
999 _c7251
_d7251